000 00298nam a22001217a 4500
008 170313b xxu||||| |||| 00| 0 eng d
041 _aeng
080 _a591
100 _a7
101 _aSHM
245 _aUDHEZUES I PUNEVE LABORATORIKE TE ZOOLOGJISE SE PARRUAZOREVE
_cGJIKNURI, L
942 _2udc
_cBK
999 _c7672
_d7672